[Event "Veneto-ch qf 81st"]
[Site "Verona"]
[Date "2022.05.08"]
[Round "5.7"]
[White "Tommasi, Matteo"]
[Black "Vincenti, Leonardo"]
[Result "1-0"]
[WhiteElo "999"]
[BlackElo "1770"]
[PlyCount "69"]
[EventDate "2022.05.06"]
[EventType "swiss"]
[EventRounds "5"]
[EventCountry "ITA"]
[SourceTitle "EXT 2024"]
[Source "ChessBase"]
[SourceDate "2023.10.10"]
[SourceVersion "1"]
[SourceVersionDate "2023.10.10"]
[SourceQuality "1"]

1. a3 g6 2. d4 d5 3. Nf3 Nf6 4. Nbd2 Bg7 5. Nb3 b6 6. h3 a5 7. a4 h5 8. Bf4 Ba6 9. c3 Nbd7 10. Nbd2 c5 11. e3 Bxf1 12. Nxf1 Ne4 13. N1d2 Nxd2 14. Qxd2 0-0 15. 0-0 Re8 16. Rfd1 e6 17. Bg3 Nf6 18. Bh4 Qd7 19. Ne5 Qc7 20. Bxf6 Bxf6 21. f4 Bxe5 22. fxe5 Qc6 23. Rf1 c4 24. Rf6 b5 25. Raf1 Re7 26. Qf2 Raa7 27. g4 hxg4 28. hxg4 Qe8 29. g5 Kg7 30. Qf4 bxa4 31. Kg2 Reb7 32. Rh1 Qd8 33. Qh4 Kf8 34. Qh8+ Ke7 35. Rxf7+ 1-0